|
|
|
|
| LEADER |
00000nam0a2200000 4500 |
| 001 |
349077 |
| 005 |
20231102010152.0 |
| 035 |
|
|
|a (RuTPU)RU\TPU\retro\1062
|
| 090 |
|
|
|a 349077
|
| 100 |
|
|
|a 20180410d1977 km y0rusy50 ca
|
| 101 |
0 |
|
|a rus
|
| 102 |
|
|
|a RU
|
| 105 |
|
|
|a a z 001zy
|
| 200 |
1 |
|
|a Факторный индексный анализ : (Методология и проблемы)
|f В. Е. Адамов
|
| 210 |
|
|
|a Москва
|c Статистика
|d 1977
|
| 215 |
|
|
|a 199 с.
|c ил.
|
| 225 |
1 |
|
|a Математическая статистика для экономистов
|
| 320 |
|
|
|a Библиогр.: с. 198
|
| 606 |
1 |
|
|a Индексы
|x Статистика
|2 stltpush
|3 (RuTPU)RU\TPU\subj\12479
|9 39257
|
| 606 |
1 |
|
|a Факторный анализ
|2 stltpush
|3 (RuTPU)RU\TPU\subj\60534
|9 77815
|
| 610 |
1 |
|
|a статистические индексы
|
| 610 |
1 |
|
|a показатели
|
| 610 |
1 |
|
|a индексные системы
|
| 610 |
1 |
|
|a факторный анализ
|
| 610 |
1 |
|
|a мультипликативные модели
|
| 610 |
1 |
|
|a аддитивные модели
|
| 610 |
1 |
|
|a многофакторные модели
|
| 610 |
1 |
|
|a анализ
|
| 610 |
1 |
|
|a построение
|
| 610 |
1 |
|
|a средние величины
|
| 610 |
1 |
|
|a динамика
|
| 610 |
1 |
|
|a экономико-статистический анализ
|
| 675 |
|
|
|a 519.237
|v 4
|
| 686 |
|
|
|a С60
|v LBC/SL-A
|2 rubbk
|
| 700 |
|
1 |
|a Адамов
|b В. Е.
|g Владимир Евгеньевич
|
| 801 |
|
1 |
|a RU
|b 63413507
|c 20180410
|
| 801 |
|
2 |
|a RU
|b 63413507
|c 20191105
|g RCR
|
| 942 |
|
|
|c BK
|